000 00758nam a2200217 i 4500
001 27528
003 ES-MaACL
005 20250901062523.0
007 t|
008 030114s1962 an ||||1| spa d
100 1 _aAyfre, Amédée.
_924159
245 1 3 _aEl cine y la fe cristiana /
_cAmédée Ayfre ; [versión castellana de Tomás G. Larraya].
260 _aAndorra :
_bCasal i Vall,
_c[1962]
300 _a160 p. ;
_c19 cm.
490 1 _aYo sé, yo creo : enciclopedia del católico en el siglo XX
650 0 0 _aCine-
_xAspectos religiosos.
_911014
700 1 _aGutiérrez Larraya, Tomás.
_9149706
830 1 0 _aYo sé, yo creo: enciclopedia del católico del siglo XX
_9186579
852 _aES-MaACL
_jC-22246
999 _c27528
_d27528